Neuromarketing: marqueteando los deseos (Registro nro. 9712)

Detalles MARC
000 -Cabecera
Campo de control de longitud fija 00665ntm a22002657a 4500
005 - Fecha y hora de la última transacción
Campo de control 20240318121346.0
008 - Elementos de longitud fija--Información general
Campo de control de longitud fija 170810b xxu||||| |||| 00| 0 spa d
020 ## - International Standard Book Number
Número Internacional Estándar del Libro (ISBN) 9786123042134
041 ## - Idioma
Código de idioma Español
082 ## - Clasificación Decimal Dewey
Número de clasificación 658.834.2 D542n
100 ## - Entrada principal--Autor personal
Nombre personal Díaz Chuquipiondo, Richard
9 (RLIN) 43723
245 ## - Título propiamente dicho
Título Neuromarketing: marqueteando los deseos
260 ## - Pie de imprenta
Lugar de publicación, distribución, etc. España
260 ## - Pie de imprenta
Nombre del editor, distribuidor, etc. Macro
260 ## - Pie de imprenta
Fecha de publicación, distribución, etc. 2014
300 ## - Descripción física
Extensión 182 páginas
650 ## - Materia general
Temática (materia general) NEUROMARKETING
650 ## - Materia general
Temática (materia general) COMPORTAMIENTO DEL CONSUMIDOR
650 ## - Materia general
Temática (materia general) NEUROMERCADO
650 ## - Materia general
Temática (materia general) ASPECTOS PSICOLÓGICOS
650 ## - Materia general
Temática (materia general) MERCADEO
650 ## - Materia general
Temática (materia general) NEUROCLIENTE
942 ## - Punto de acceso adicional KOHA
Tipo de ítem KOHA Libro
Fuente del sistema de clasificación o colocación Dewey Decimal Classification
Existencias
Signatura completa Código de barras Programa Académico Tipo de ítem
658.834.2 D542n 22490 Dirección y Administración de Empresas Libro